000 00562nam a2200181Ia 4500
008 151202s9999||||xx |||||||||||||| ||und||
082 _bPNVM-56746
100 _aजोशी स्नेहल.
245 _aरांदेव्हू.
260 _b"मनमोहिनी प्रकाशन,पुणे."
260 _c1993
300 _a160
600 _aजोशी स्नेहल.
630 _aरांदेव्हू.
700 _aजोशी स्नेहल.
730 _aरांदेव्हू.
942 _cBOOK
999 _c1323284
_d1323281